00498nam a2200193 a 4500001001300000003000900013005001700022008004100039020001000080082001300090100001600103245004700119260003700166300000800203500003500211505001300246650002900259700001600288nice12345678IN_TiNIC20260116011806.0050524s0000 beia grp 000 0 ara  ac10000a232bABD aAbdul, Fadi aShakhsiyyat-Ul-Masih Fil-Injil-Wal-Qur`an. aBeirutbMarkaz Ilshabiyatac0000 a72p aincludes index and biblioraphy2 aAppendix aJesus Christ-Messiahship1 aAbdul, Fadi